Tajomstvá newyorského paláca

Newyorský hotel Waldorf - Astoria. Kreatívny marketing už pred sto rokmi. Oficiálny symbol New Yorku. História hotela od r. 1893. Atmosféra zmesi histórie, umenia a ľudských príbehov. Včelie úle na streche hotela a ponuka vlastného medu.

Guardado en:
Detalles Bibliográficos
Autor principal: Mekyňová, Júlia
Formato: Capítulo de libro
Lenguaje:eslovaco
Materias:
Etiquetas: Agregar Etiqueta
Sin Etiquetas, Sea el primero en etiquetar este registro!

MARC

LEADER 00000naa a2200000 4500
001 0199962
005 20231113083437.7
041 0 |a slo 
044 |a SK 
245 1 0 |a Tajomstvá newyorského paláca  |c Júlia Mekyňová 
520 |a Newyorský hotel Waldorf - Astoria. Kreatívny marketing už pred sto rokmi. Oficiálny symbol New Yorku. História hotela od r. 1893. Atmosféra zmesi histórie, umenia a ľudských príbehov. Včelie úle na streche hotela a ponuka vlastného medu. 
610 2 0 |a hotely 
610 2 0 |a hotelierstvo 
610 2 0 |a kvalita 
610 2 0 |a služby 
610 2 0 |a marketing 
610 2 0 |a kreativita 
610 2 0 |a USA 
100 1 |a Mekyňová, Júlia